| 000 | 00786nam a2200253Ia 4500 | ||
|---|---|---|---|
| 003 | OSt | ||
| 005 | 20220928121402.0 | ||
| 006 | a|||||r|||| 00| 0 | ||
| 007 | ta | ||
| 008 | 220927b |||||||| |||| 00| 0 hin d | ||
| 020 | _cINR 5100.00 | ||
| 024 | _a135863 | ||
| 037 |
_b439, 20/09/2017, Vidyanidhi Prakashan _cTextual |
||
| 040 |
_aSDCL _cSDCL _bhin |
||
| 041 |
_2hin _ahin |
||
| 082 | _aQ22:222, Q7.1-3 | ||
| 100 |
_aKhandelwal S. N. _9392005 |
||
| 245 | 0 | _aShribhavishyamahapuranam (3 Vol. Set) | |
| 260 |
_aDelhi _bChokhamba Sanskrit Pratishthan _c2017 |
||
| 300 |
_axii,857+820+833p. _ccm. |
||
| 650 |
_aSanskrit _9391587 |
||
| 942 |
_hQ22:222, Q7.1-3 _cTEXL _2CC |
||
| 999 |
_c765818 _d765818 |
||